000 00601pam a2200229 a 4500
001 4801510
005 20180308041014.0
008 880518s1988 paua b 001 0 eng c
010 _a 88015862
020 _a0721622445
040 _aDNLM/DLC
_cDLC
_dDLC
041 _aeng
060 _a618
080 _a618
082 0 0 _a618 CAL
_219
100 _a10
101 _aGJIN
245 0 0 _aUltrasonography in obstetrics and gynecology /
_c[edited by] Peter W. Callen.
504 _aIncludes bibliographies and index.
906 _a7
_bcbc
_corignew
_d1
_eocip
_f19
_gy-gencatlg
942 _2ddc
_cBK
999 _c44408
_d44408